000 00933nam a22002657a 4500
999 _c21927
_d21927
003 AR-CdUCM
008 190402b ||||| |||| 00| 0 spa d
040 _aMUNICIPALIDAD PROVINCIAL DEL CUSCO
_cBIBLIOTECA MUNICIPAL DEL CUSCO
082 _aC/869.56/Y49T
_bY49T
100 _aYépez Miranda, Alfredo
_94230
245 _aTierras del Sol /
_cAlfredo Yépez Miranda
260 _aCusco :
_bGarcilaso,
_c[1958].
300 _a37 páginas ;
_c17 cm.
500 _aEnsayos
505 _aContenido: Dioses y emperadores. -- Siglos y terremotos. -- Crisol de pueblos. -- Presencia y lejanía del Cuzco. -- Tierras del Sol. -- Itinerario del tiempo.
650 _aLiteratura Peruana
_9132
650 _aNarradores cusqueños
_931142
650 _aLiteratura cusqueña
_946882
650 _aEnsayos
_946883
650 _aCusco
_9772
650 _aSiglo XX
_98
650 _aNarraciones
_9930
942 _2ddc
_cLIBROS
945 _ar.a.c